000 00534cam a22001811 4500
001 45452
090 _a45452
100 _a19931218d1944 m y0pory5003 ba
101 0 _apor
102 _aPT
200 1 _aA organizacão fundamental dos seres vivos
_fLuís Ernâni Dias Amado
210 9 _aLisboa
_cEdições Cosmos,
_d1944
215 _a122 p., 3 f.
_d19 cm
225 2 _aCosmos
_v60
_h1
_v30.
_iCiências e técnicas. Ciências Biológicas
675 _a57
700 1 _aAmado,
_bLuís Hernâni Dias,
_f1901-1991
801 0 _aPT
_bBN
_gRPC
990 _cLIVROS